|
|
|
|
| LEADER |
00000nam a22000005a 4500 |
| 001 |
vtls008157330 |
| 003 |
SK-MaSNL |
| 005 |
20260302003341.0 |
| 008 |
050531s1947 xxu r 000 0 eng |
| 015 |
|
|
|a SNBZSA2006-00015
|
| 020 |
|
|
|a (brož.)
|
| 040 |
|
|
|a SNK
|b slo
|c SNK
|e AACR2
|
| 044 |
|
|
|a us
|c US
|
| 072 |
|
7 |
|a 327
|x Medzinárodné vzťahy, svetová politika
|2 konspekt
|
| 080 |
|
|
|a 327(4-191.2)
|x (73)
|2 2001
|
| 080 |
|
|
|a 327(73)
|2 2001
|
| 080 |
|
|
|a 321.013
|x (4-191.2)
|2 2001
|
| 110 |
2 |
|
|a Slovenský oslobodzovací výbor
|4 aut
|9 33345
|
| 245 |
1 |
|
|a Proposal to the security council ot the United Nations for the creation of a central-european confederation
|c Slovak Action Committee
|
| 260 |
|
|
|a New York
|b Slovak Action Committee
|c 1947
|
| 500 |
|
|
|a Podpísaní: Stephen Polakovic, Ferdinand Durcansky
|
| 650 |
0 |
7 |
|a zahraničná politika
|2 snkph
|9 971
|
| 650 |
0 |
7 |
|a medzinárodné vzťahy
|2 snkph
|9 3690
|
| 651 |
|
7 |
|a Európa stredná
|2 snkph
|9 23970
|
| 651 |
|
7 |
|a Spojené štáty americké
|2 snkph
|9 18262
|
| 655 |
|
7 |
|a návrhy
|2 snkbuxs
|9 349493
|
| 655 |
|
7 |
|a listy
|2 snkbbuxs
|9 84490
|
| 700 |
1 |
|
|a Polakovič, Štefan,
|d 1912-1999
|9 93743
|
| 700 |
1 |
|
|a Ďurčanský, Ferdinand,
|d 1906-1974
|9 110373
|
| 958 |
|
|
|a ZS
|
| 958 |
|
|
|a US
|
| 999 |
|
|
|c 991621
|d 993551
|
| 952 |
|
|
|a SNK
|b SNK
|y PREZ
|7 0
|p 17A0471834
|o snkOSC 23087
|i snk2005/9237
|8 1
|0 0
|1 0
|4 0
|d 2005-05-31
|l 0
|r 2026-02-24 11:51:46
|w 2026-02-24
|